Premier League Appearances by Nationality: Iceland - Statistics

General Stats
  • This quiz has been taken 10 times
  • The average score is 3 of 10
Answer Stats
Appearances Player % Correct
318 Gylfi Sigurdsson
100%
211 Eidur Gudjohnsen
78%
62 Aron Gunnarsson
33%
162 Johann Berg Gudmundsson
33%
31 Eggert Jonsson
11%
96 Heidar Helguson
11%
332 Hermann Hreidarsson
11%
72 Ivar Ingimarsson
11%
67 Gretar Steinsson
0%
135 Gudoni Bergsson
0%
No matching quizzes found
Score Distribution
Percent of People with Each Score
Percentile by Number Answered
Your Score History
You have not taken this quiz